İngiliz gizli belgelerine göre Adana'da vuku bulan Türk-Ermeni olayları (temmuz 1908-aralık 1909) = The Turcu-Armenian 'Adana incidents'ın the lıght of secret brıtısh documents ( july, 1908- december, 1909) (Record no. 10789)

MARC details
000 -BAŞLIK
Sabit Uzunlukta Kontrol Alanı 00980na a2200265 4500
001 - KONTROL NUMARASI
Denetim Alanı 24274
003 - KONTROL NUMARASI IDENTIFIER
Denetim Alanı MIRAKIL
005 - SON İŞLEM TARİHİ VE ZAMANI
Denetim Alanı 20181213155333.0
008 - SABİT-BOY VERİ ELEMANLARI - GENEL BİLGİLER
Sabit Uzunlukta Kontrol Alanı 180905b tu 000 0
020 ## - ULUSLARARASI STANDART KİTAP NUMARASI
Uluslararası Standart Kitap Numarası 9789751626776
040 ## - KATALOGLAMA KAYNAK
Orijinal Kataloglama Ajansı Milas
Kataloglama Dili tur
Metne Dönüştürmek Ajansı TR-AnCHP
041 ## - DİL KODU
Metin / Ses Parça Veya Ayrı Başlığın Dil Kodu tur
082 ## - DEWEY ONLU SINIFLANDIRMA NUMARASI
Sınıflandırma Numarası 956.100491
Ürün Numarası S65i 2014
090 ## - SINIFLAMA NUMARASI
Sınıflama Numarası 956.100491 S65i 2014
100 ## - ANA GİRİŞ - KİŞİSEL İSİM
Kişisel Ad Sonyel, Salâhi R.
245 ## - BAŞLIK TABLOSU
Başlık İngiliz gizli belgelerine göre Adana'da vuku bulan Türk-Ermeni olayları (temmuz 1908-aralık 1909) = The Turcu-Armenian 'Adana incidents'ın the lıght of secret brıtısh documents ( july, 1908- december, 1909)
Sorumluluk Tablosu, Vb Salâhi R. Sonyel
250 ## - EDITION TABLOSU
Baskı Beyanı 2. bs.
260 ## - YAYIN, DAĞITIM, VB
Yayın, Dağıtım, Vb Yeri Ankara
Yayıncı, Dağıtıcı, Vs Adı Türk Tarih Kurumu
Yayın, Dağıtım, Vb Tarihi 2014
300 ## - FİZİKSEL TANIM
Kapsam 141 s.
Boyutlar 21 sm.
440 ## - SERİSİ TABLOSU / KATMA GİRİŞİ - BAŞLIK
Başlık AKDTYK Türk Tarih Kurumu yayınları
Hacim / Ardışık Tanımı xxv. dizi-sa. 5
650 ## - KONU KATMA GİRİŞ - TOPİKAL DÖNEM
Topikal Süreli Veya Coğrafi Ad Giriş Elemanı Ermeni sorunu
Genel Alt Bölümü Türkiye
650 ## - KONU KATMA GİRİŞ - TOPİKAL DÖNEM
Topikal Süreli Veya Coğrafi Ad Giriş Elemanı Ermeni mezalimi, 1909
Genel Alt Bölümü Adana (Türkiye)
-- Kaynaklar
650 ## - KONU KATMA GİRİŞ - TOPİKAL DÖNEM
Topikal Süreli Veya Coğrafi Ad Giriş Elemanı Adana (Türkiye)
Genel Alt Bölümü Tarih
-- kaynaklar
942 ## - EKLENDİ GİRİŞ ELEMANLARI (KOHA)
Sınıflandırma Veya Raf Düzeni Kaynak
Koha Öğesi Türü Books
999 ## - SİSTEM KONTROL NUMARALARI (KOHA)
Koha Biblionumber 10789
Koha Biblioitemnumber 10789
Holdings
Kalıcı Konum Mevcut Konum Edinme Tarihi Edinim Kaynak Seri Numaralandırma / Kronolojik Toplam Check-Out'Lar Tam Çağrı Numarası Barkod Tarih Son Görülme İtibaren Geçerli Fiyatlar Koha Öğesi Türü
CHP Kütüphanesi CHP Kütüphanesi 09/05/2018 Bağış c.3   956.100491 S65i 2014 018366 09/05/2018 09/05/2018 Books